[Event "AB Puchko Mem"]
[Site "Alushta UKR"]
[Date "2000.03.22"]
[Round "4"]
[White "Khurtsidze,N"]
[Black "Alexandrova,O"]
[Result "0-1"]
[WhiteElo "2464"]
[BlackElo "2400"]

1.d4 Nf6 2.c4 e6 3.Nf3 Bb4+ 4.Nbd2 b6 5.e3 Bb7 6.Bd3 Ne4 7.a3 Bxd2+ 8.Nxd2 Nxd2
9.Bxd2 d6 10.Qg4 O-O 11.Qh3 f5 12.f3 Qf6 13.O-O-O Nd7 14.Rhg1 e5 15.Bc3 Rae8
16.Bc2 Qg5 17.g4 Qxe3+ 18.Kb1 Be4 19.gxf5 Qxf3 20.Qxf3 Bxf3 21.Ba4 Re7 22.Bxd7 Rxd7
23.Rde1 e4 24.Rg5 h6 25.Rg6 Rxf5 26.d5 Kh7 27.Reg1 Rff7 28.Kc1 Rde7 29.Kd2 e3+
30.Ke1 Be4 31.Re6 Bd3 32.b3 g5 33.h4 gxh4 34.Rh1 Rxe6 35.dxe6 Re7 36.Rxh4 Rxe6
37.Rg4 Re7 38.Rg3 c5 39.Bb2 Bc2 40.Bc1 Bxb3 41.Rxe3 Rxe3+ 42.Bxe3 Bxc4 43.Bf4 d5
44.Bb8 a6 45.Ba7 Bd3 46.Bxb6 c4 47.Kd2 Kg6 48.Ke3 Kf5 49.Bc7 h5 50.Bd6 Be4
51.Bc7 c3  0-1

[Event "FSIMA April"]
[Site "Budapest HUN"]
[Date "2000.04.03"]
[Round "3"]
[White "Murzin,L"]
[Black "Eperjesi,L"]
[Result "1/2-1/2"]
[WhiteElo "2231"]
[BlackElo "2365"]

1.d4 Nf6 2.Nf3 e6 3.c4 Bb4+ 4.Nbd2 d5 5.Qa4+ Nc6 6.a3 Bd6 7.e3 O-O 8.Qc2 Re8
9.Bd3 g6 10.O-O a5 11.e4 dxe4 12.Nxe4 Nxe4 13.Bxe4 Bd7 14.Re1 Qf6 15.Bg5 Qg7
16.Qd2 f6 17.Bh6 Qf7 18.Rad1 a4 19.c5 Bf8 20.Bf4 Rac8 21.Qc2 Nd8 22.h4 Kh8
23.g3 Bb5 24.Kg2 Nc6 25.Rh1 Rcd8 26.Be3 Ne7 27.h5 g5 28.Bxg5 fxg5 29.Nxg5 Qg8
30.Nxh7 Bg7 31.Bg6 Bc6+ 32.f3 Nf5 33.Qf2 Re7  1/2-1/2

[Event "FSGM April"]
[Site "Budapest HUN"]
[Date "2000.04.08"]
[Round "8"]
[White "Varga,Zo"]
[Black "Horvath,Cs"]
[Result "1/2-1/2"]
[WhiteElo "2530"]
[BlackElo "2519"]

1.d4 Nf6 2.c4 e6 3.Nf3 Bb4+ 4.Nbd2 b6 5.a3 Bxd2+ 6.Qxd2 Bb7 7.b4 d6 8.Bb2 Nbd7
9.g3 O-O 10.Bg2 Be4 11.O-O d5 12.c5 c6 13.Bh3 a5 14.Bc3 a4 15.Ne1 Bf5 16.Bxf5 exf5
17.cxb6 Nxb6 18.Nd3 Ne4 19.Qc2 Nc4 20.Nc5 Nxc5 21.dxc5 Qd7 22.Bd4 Rfe8 23.e3 Re4
24.Qc3 f6 25.f3 Re7 26.Rfe1  1/2-1/2

[Event "Open"]
[Site "Dos Hermanas ESP"]
[Date "2000.04.11"]
[Round "5"]
[White "Medina Carrasco,S"]
[Black "Gamundi Salamanca,A"]
[Result "0-1"]
[WhiteElo "2173"]
[BlackElo "2450"]

1.d4 Nf6 2.c4 e6 3.Nf3 Bb4+ 4.Nbd2 O-O 5.a3 Bxd2+ 6.Qxd2 d6 7.b4 Nbd7 8.Bb2 b6
9.g3 Bb7 10.Bg2 Qe7 11.O-O Ne4 12.Qc2 f5 13.a4 a5 14.c5 Bd5 15.cxd6 cxd6
16.b5 Rac8 17.Qd3 Rc4 18.Nd2 Nxd2 19.Qxd2 Bxg2 20.Kxg2 Nf6 21.Qd3 Rfc8 22.f3 Nd5
23.Rfc1 Qg5 24.Rxc4 Rxc4 25.Kf2 Rc8 26.Rd1 Qh6 27.Kg1 Nb4 28.Qd2 Qxd2 29.Rxd2 Nd5
30.Ba3 Ne3 31.Kf2 Nc4 32.Rc2 d5 33.Bc1 Kf7 34.e3 g5 35.h3 h5 36.g4 Kg6 37.Kg3 Rf8
38.Re2 Rf7 39.e4 fxe4 40.fxe4 Rf1 41.gxh5+ Kxh5 42.exd5 exd5 43.Rc2 Rd1 44.Kf3 Rd3+
45.Kf2 Rxh3 46.Kg1 Rd3 47.Bb2 g4 48.Rh2+ Kg6  0-1

[Event "73rd City-ch"]
[Site "St Petersburg RUS"]
[Date "2000.04.11"]
[Round "9"]
[White "Aseev,K"]
[Black "Loginov,Va"]
[Result "1-0"]
[WhiteElo "2517"]
[BlackElo "2512"]

1.d4 Nf6 2.c4 e6 3.Nf3 Bb4+ 4.Nbd2 d5 5.Qa4+ Nc6 6.a3 Bd6 7.g3 O-O 8.Bg2 Re8
9.O-O h6 10.Rd1 a5 11.Qc2 a4 12.e4 Bf8 13.e5 Nd7 14.cxd5 exd5 15.Nf1 Nb6
16.Bd2 Bg4 17.Bc3 Nc4 18.Re1 Qd7 19.N3d2 Bf5 20.Qd1 N6a5 21.Nxc4 Nxc4 22.Qe2 Bg4
23.f3 Be6 24.Rad1 b6 25.Ne3 Nxe3 26.Qxe3 c5 27.f4 Rac8 28.Qf2 Red8 29.Kh1 g6
30.Rd2 h5 31.Red1 c4 32.Qe1 Bh3 33.Rf2 Bxg2+ 34.Kxg2 Qf5 35.h3 Rc6 36.Qe2 b5
37.g4 hxg4 38.hxg4 Qd7 39.f5 b4 40.axb4 Rb8 41.Rh1 Bxb4 42.Qe3 Bf8 43.Qh3 Bg7
44.f6  1-0

[Event "FSIMA April"]
[Site "Budapest HUN"]
[Date "2000.04.13"]
[Round "13"]
[White "Farago,S"]
[Black "Froehlich,P"]
[Result "0-1"]
[WhiteElo "2271"]
[BlackElo "2375"]

1.d4 Nf6 2.c4 e6 3.Nf3 Bb4+ 4.Nbd2 d5 5.a3 Be7 6.g3 b6 7.Bg2 O-O 8.O-O Bb7
9.cxd5 Bxd5 10.Qc2 Nbd7 11.e4 Bb7 12.e5 Nd5 13.Ne4 h6 14.b4 c5 15.dxc5 bxc5
16.b5 a6 17.bxa6 Bxa6 18.Rd1 Qc7 19.Bb2 Rfb8 20.Rd2 N7b6 21.Nd6 Rd8 22.Rc1 Bxd6
23.exd6 Qxd6 24.Qxc5 Qxc5 25.Rxc5 Nc4 26.Rc2 Ndb6 27.Bd4 e5 28.Bc3 Na4 29.Rc6 Nxc3
30.Rxc3 e4 31.Rxa6 Rxa6 32.Ne1 Rd1 33.Kf1 Nd6 34.Ke2 Ra1 35.Nc2 Rc1 36.Kd2 Rg1
37.Bh3 Rh1 38.Nb4 Ra8 39.Ke2 Rxh2 40.Bd7 Rd8 41.Bc6 Nf5 42.Bxe4 Re8 43.Kd3 Rxf2
44.g4 Rd8+ 45.Nd5 Ng3 46.Rc5 Nxe4 47.Kxe4 Re2+ 48.Kf4 Ra8 49.Nc3 Rc2 50.a4 Re8
51.a5 Re1 52.a6 Ra1 53.Rc6 Ra3  0-1

[Event "Women's Open"]
[Site "St Petersburg RUS"]
[Date "2000.04.14"]
[Round "8"]
[White "Razuvajeva,J"]
[Black "Guseva,O"]
[Result "0-1"]
[WhiteElo "2192"]
[BlackElo "2135"]

1.d4 Nf6 2.c4 e6 3.Nf3 Bb4+ 4.Nbd2 b6 5.a3 Bxd2+ 6.Bxd2 Bb7 7.Bg5 d6 8.e3 Nbd7
9.Be2 h6 10.Bh4 g5 11.Bg3 h5 12.h4 g4 13.Ng5 Bxg2 14.Rg1 Bb7 15.f3 Qe7 16.fxg4 hxg4
17.Bxg4 Nxg4 18.Qxg4 f5 19.Qe2 Nf6 20.Qc2 O-O-O 21.O-O-O Kb8 22.b4 Ne4 23.Nxe4 Bxe4
24.Qc3 Rhg8 25.Qb2 Rg4 26.Qh2 Rdg8 27.h5 Qh7 28.c5 bxc5 29.bxc5 dxc5 30.h6 c4
31.Bf2 c3 32.Rxg4 Rxg4 33.Qh5 Qe7 34.Rg1 Qxa3+ 35.Kd1 c2+ 36.Kd2 Qd3+ 37.Kc1 Rxg1+
38.Bxg1 Qf1+ 39.Kb2 c1=Q+  0-1

[Event "RUS-Team"]
[Site "Smolensk RUS"]
[Date "2000.04.15"]
[Round "1"]
[White "Ogloblin,N"]
[Black "Yemelin,V"]
[Result "1/2-1/2"]
[WhiteElo "2370"]
[BlackElo "2540"]

1.d4 Nf6 2.Nf3 e6 3.c4 Bb4+ 4.Nbd2 d6 5.g3 Nbd7 6.Bg2 e5 7.O-O exd4 8.Nxd4 Bc5
9.N2b3 Bb6 10.Nf5 O-O 11.Qc2 Re8 12.Bg5 Nc5 13.Nbd4 h6 14.Bh4 Ncd7 15.Rad1 Nf8
16.g4 Ng6 17.Bxf6 Qxf6 18.e3 h5 19.gxh5 Bxd4 20.Ng3 Bb6 21.hxg6 Qxg6 22.Qxg6 fxg6
23.Rd2 a5 24.Bd5+ Kf8 25.Kg2 Ke7 26.h4 Rh8 27.Rh1 c6 28.Be4 Rh6 29.Ne2 Be6
30.b3 Rah8 31.Nf4 Bf7 32.Rh3 Rxh4 33.Rg3 R8h6 34.Nxg6+ Bxg6 35.Bxg6 Rh2+
36.Kf3 R2h3 37.Rxh3 Rxh3+ 38.Kg2 Rh6 39.Be4 Bc5 40.Rd1 Kf6 41.Rh1 Ke5 42.Rxh6 gxh6
43.Bf3 Ke6  1/2-1/2

[Event "Julian Borowski B"]
[Site "Essen GER"]
[Date "2000.04.29"]
[Round "3"]
[White "Fridman,D"]
[Black "Podzielny,KH"]
[Result "1/2-1/2"]
[WhiteElo "2539"]
[BlackElo "2506"]

1.d4 Nf6 2.Nf3 e6 3.c4 Bb4+ 4.Nbd2 b6 5.a3 Bxd2+ 6.Bxd2 Bb7 7.e3 O-O 8.Bd3 c5
9.Bc3 cxd4 10.Nxd4 d5 11.O-O Na6 12.Nb3 dxc4 13.Bxc4 Nd5 14.Bxd5  1/2-1/2

[Event "ch-RUS Women"]
[Site "Elista RUS"]
[Date "2000.05.19"]
[Round "9"]
[White "Slavina,I"]
[Black "Zayac,E"]
[Result "1/2-1/2"]
[WhiteElo "2261"]
[BlackElo "2340"]

1.d4 Nf6 2.c4 e6 3.Nf3 Bb4+ 4.Nbd2 O-O 5.e3 d5 6.Bd3 b6 7.O-O Bb7 8.a3 Be7
9.b4 c5 10.bxc5 bxc5 11.Rb1 Ba6 12.Qc2 cxd4 13.Nxd4 Qc8 14.Bb2 Nbd7 15.N4f3 Qc7
16.Rfc1 Rac8 17.Qd1 Nc5 18.Be2 dxc4 19.Nxc4 Rfd8 20.Qc2 Bb7 21.Be5 Qd7 22.Rd1 Bd5
23.Nfd2 Qa4 24.Qxa4 Nxa4 25.Rbc1 Nd7 26.Bd6  1/2-1/2

[Event "It"]
[Site "Sisak CRO"]
[Date "2000.05.20"]
[Round "6"]
[White "Jankovic,A"]
[Black "Franic,M"]
[Result "1/2-1/2"]
[WhiteElo "2320"]
[BlackElo "2386"]

1.d4 Nf6 2.Nf3 e6 3.c4 Bb4+ 4.Nbd2 d5 5.Qa4+ Nc6 6.a3 Be7 7.e3 O-O 8.b4 dxc4
9.Bxc4 Nd5 10.Qc2 Nb6 11.Bd3 f5 12.O-O Bf6 13.Bb2 a6 14.Nc4 Nd5 15.g3 Qe8
16.Nce5 Bxe5 17.Nxe5 Nxe5 18.dxe5 Bd7 19.e4 Ba4 20.Qe2 Ne7 21.Bc4 Qg6 22.Bd4 Rae8
23.Bc5 fxe4 24.Qa2 Bd7 25.Rad1 Bc8 26.Qe2 Rf7 27.Rd4 b5 28.Bb3 Bb7 29.Bxe7 Rexe7
30.Bc2 Rd7 31.Rfd1 Rxd4 32.Rxd4 Qf5 33.Bxe4 Bxe4 34.Rxe4 Qf3 35.Re3 Qxe2
36.Rxe2 Rf3 37.Rc2 Rxa3 38.Rxc7 Rb3 39.Rc6 Rxb4 40.Rxa6 Kf7 41.Rb6 g5 42.h4 gxh4
43.gxh4 h5 44.Kg2 Rxh4 45.Rxb5 Kg6 46.Rb8 Re4 47.Rg8+ Kh7 48.Rg5 Kh6 49.Rg8 Rxe5
50.f4 Rf5 51.Kg3 Rf6 52.Rh8+ Kg6 53.Re8 Kf5 54.Kf3 Rh6 55.Rf8+ Kg6 56.Rg8+ Kf7
57.Rg3 Kf6 58.Rh3 Rh7 59.Rh4 Kf5 60.Ke3 Kg6  1/2-1/2

[Event "Open"]
[Site "Pula CRO"]
[Date "2000.05.24"]
[Round "9"]
[White "Mihalincic,T"]
[Black "Orak,L"]
[Result "0-1"]
[WhiteElo "2150"]
[BlackElo "2325"]

1.d4 Nf6 2.c4 e6 3.Nf3 Bb4+ 4.Nbd2 b6 5.a3 Bxd2+ 6.Qxd2 Bb7 7.Qc2 d6 8.e3 Nbd7
9.Be2 O-O 10.O-O Ne4 11.Ne1 f5 12.b3 Qh4 13.f3 Ng5 14.g3 Qh5 15.h4 Nf7 16.Ng2 Qg6
17.Kh2 e5 18.Bd3 Nh6 19.d5 Qf7 20.b4 c6 21.e4 cxd5 22.cxd5 Rac8 23.Qd1 fxe4
24.fxe4 Qg6 25.Bg5 Nf6 26.Qe2 Nhg4+ 27.Kg1 h6 28.Bxf6 Nxf6 29.Kh2 Rc3 30.Ne3 Rfc8
31.Nf5 R8c7 32.a4 Kh7 33.a5 Bc8 34.axb6 axb6 35.Rab1 Bxf5 36.Rxf5 Qg4 37.Ra1 Rc2
38.Qxc2 Rxc2+ 39.Bxc2 Qe2+ 40.Kh3 Qxc2 41.Ra7 Kg6 42.h5+ Nxh5 43.Rxh5 Kxh5
44.Rxg7 Qd3 45.b5 Qf3 46.Kh2 Qxe4  0-1

[Event "Bank Pocztowy Open"]
[Site "Bydgoszcz POL"]
[Date "2000.06.06"]
[Round "9"]
[White "Kempinski,R"]
[Black "Rashkovsky,N"]
[Result "1/2-1/2"]
[WhiteElo "2528"]
[BlackElo "2523"]

1.d4 Nf6 2.c4 e6 3.Nf3 Bb4+ 4.Nbd2 d5 5.e3 O-O 6.a3 Be7 7.Bd3 c5 8.dxc5 a5
9.O-O Nbd7 10.cxd5 Nxc5 11.Bc2 Qxd5 12.Qe2 b6 13.e4 Qh5 14.Nc4 Ba6 15.e5 Nd5
16.Bd2 b5 17.Nxa5 b4 18.Nc4 b3 19.Bb1 Nb6 20.Rc1 Rfd8 21.Qf1 f5 22.h3 Nca4
23.Bd3 Rxd3 24.Qxd3 Bxc4 25.Rxc4 Nxb2 26.Qxb3 N2xc4 27.Be3 Bd8 28.Bxb6 Nxb6
29.Rd1 Qf7 30.Rxd8+ Rxd8 31.Qxb6 Qd7 32.a4 h6 33.a5 Kh7 34.a6 Rc8 35.Nd4 Qc7
36.Qxc7 Rxc7 37.Nxe6 Re7 38.Nf8+ Kg8 39.Ng6 Ra7 40.Nh4 f4 41.Ng6 f3 42.gxf3 Rxa6
43.Nh4 Kf7 44.f4 Ke6 45.Kh2 Ra3 46.Kg2 Rd3 47.Kh2 g5 48.Ng2 Rf3 49.fxg5 hxg5
50.Ne3 Rxf2+ 51.Kg3 Re2 52.Kf3 Re1 53.Ng2 Rf1+ 54.Kg3 Rg1 55.Kh2 Rb1 56.h4 gxh4
57.Nxh4 Kxe5 58.Kg3 Ke4 59.Ng2 Rb2 60.Ne1 Rb3+  1/2-1/2

[Event "Guillermo Garcia Premier II"]
[Site "Santa Clara CUB"]
[Date "2000.06.06"]
[Round "11"]
[White "Soppe,G"]
[Black "Hernandez,Rom"]
[Result "1-0"]
[WhiteElo "2466"]
[BlackElo "2402"]

1.d4 Nf6 2.c4 e6 3.Nf3 Bb4+ 4.Nbd2 d5 5.Qa4+ Nc6 6.a3 Bxd2+ 7.Bxd2 Ne4 8.Rd1 O-O
9.Bc1 Bd7 10.Qc2 a5 11.g3 a4 12.Bg2 Qe7 13.O-O Rfc8 14.Ne5 Nxe5 15.dxe5 Bc6
16.Be3 f5 17.f3 d4 18.Bxd4 Nc5 19.Qc3 Nb3 20.Be3 Rd8 21.Rd3 b6 22.Rfd1 Kf7
23.Qb4 Qxb4 24.axb4 Ke8 25.b5 Bb7 26.Bg5 Rxd3 27.exd3 Nd4 28.Kf2 a3 29.bxa3 Rxa3
30.Be3 Nc2 31.Rd2 Rc3 32.Bf1 Kd7 33.Be2 h6 34.h4 Nxe3 35.Kxe3 c6 36.bxc6+  1-0

[Event "IV Pablo Gorbea Mem Open"]
[Site "Madrid ESP"]
[Date "2000.06.14"]
[Round "5"]
[White "San Segundo Carrillo,P"]
[Black "Franco Alonso,A"]
[Result "1-0"]
[WhiteElo "2497"]
[BlackElo "2236"]

1.d4 Nf6 2.Nf3 e6 3.c4 Bb4+ 4.Nbd2 d5 5.Qa4+ Nc6 6.e3 O-O 7.a3 Be7 8.Bd3 Bd7
9.Qc2 a5 10.b3 Nb8 11.O-O c5 12.cxd5 exd5 13.dxc5 Na6 14.Bxa6 Rxa6 15.Bb2 Qc7
16.b4 axb4 17.axb4 Rfa8 18.Be5 Qc8 19.Qb2 Bb5 20.Rxa6 Rxa6 21.Ra1 Qa8 22.Rxa6 Qxa6
23.Nd4 Bd3 24.h3 Qa4 25.Qb3 Qxb3 26.N2xb3 Nd7 27.Bc7 Bf6 28.Bd6 Bxd4 29.Nxd4 f6
30.b5 Kf7 31.b6 Ba6 32.f4 g6 33.g4  1-0

[Event "IM"]
[Site "Stockholm SWE"]
[Date "2000.06.16"]
[Round "7"]
[White "Hjelm,N"]
[Black "Sjoberg,M"]
[Result "1/2-1/2"]
[WhiteElo "2347"]
[BlackElo "2352"]

1.d4 Nf6 2.c4 e6 3.Nf3 Bb4+ 4.Nbd2 b6 5.e3 O-O 6.Bd3 d5 7.O-O Nbd7 8.Qc2 Bb7
9.e4 Bxd2 10.Nxd2 dxe4 11.Nxe4 Bxe4 12.Bxe4 Nxe4 13.Qxe4 c5 14.Rd1 cxd4 15.Qxd4 Nc5
16.Be3 Qxd4 17.Rxd4 Rfd8 18.Rad1 Rxd4 19.Rxd4 Rc8 20.Kf1 Kf8 21.b3 Ke7 22.Ke2 f6
23.Kd2 e5 24.Rd5 Nb7 25.Kd3 Ke6 26.f4 Nc5+ 27.Kc3 Ne4+ 28.Kd3 Nc5+ 29.Kc2 exf4
30.Bxf4 g5 31.Be3 h5 32.Kc3 h4 33.Kb4 Ne4 34.Rd4 f5 35.a4 g4 36.a5 bxa5+
37.Kxa5 Nc5 38.Kb4 a5+ 39.Kc3 Rb8 40.Rd6+ Kxd6 41.Bf4+ Kc6 42.Bxb8 Ne6 43.Be5 f4
44.Kd2 Kc5 45.Kd3 Kb4 46.Kc2 Kc5 47.Kd3 g3 48.hxg3 fxg3 49.Ke3 a4 50.bxa4 Kxc4
51.a5 Kb5 52.Bf6 Kxa5 53.Bxh4 Kb5 54.Ke4 Kc6 55.Bxg3 Kd7 56.Kf5 Ke7 57.Kg6 Kf8
58.Be5 Kg8 59.g4 Nc5 60.Kf5 Nd7 61.Bd4 Nb8 62.Ke6 Nc6 63.Bc3 Nd8+ 64.Kf6 Nc6
65.g5 Nd8 66.Ke7 Nf7 67.g6 Ng5 68.Bb2 Nf3 69.Ke6 Nh4 70.g7 Nf3  1/2-1/2

[Event "IM"]
[Site "Stockholm SWE"]
[Date "2000.06.17"]
[Round "8"]
[White "Hjelm,N"]
[Black "Ahlander,B"]
[Result "0-1"]
[WhiteElo "2347"]
[BlackElo "2434"]

1.d4 Nf6 2.c4 e6 3.Nf3 Bb4+ 4.Nbd2 d5 5.e3 O-O 6.Bd3 Nbd7 7.O-O b6 8.Qc2 Bb7
9.e4 g6 10.cxd5 exd5 11.e5 Nh5 12.Nb1 Re8 13.Nc3 Nf8 14.Be3 Ne6 15.Ne2 a5
16.Rad1 Bf8 17.Ne1 Rc8 18.f4 c5 19.Qd2 cxd4 20.Nxd4 Bb4 21.Qf2 Bc5 22.Nec2 Qe7
23.Kh1 Nhg7 24.f5 Nxd4 25.Bxd4 gxf5 26.Bxf5 Rc6 27.Rfe1 Rh6 28.Bh3 Qh4 29.Bxc5 bxc5
30.Qxc5 d4 31.Kg1 Qg5 32.Qa3 Rg6 33.Re2 Nh5 34.Ne1 Nf4 35.Rf2 Rxe5 36.Qb3 Re3
37.Qxb7  0-1

[Event "White Nights Open"]
[Site "St Petersburg RUS"]
[Date "2000.06.23"]
[Round "1"]
[White "Pliasunov,A"]
[Black "Allahverdiev,A"]
[Result "0-1"]
[WhiteElo "2221"]
[BlackElo "2403"]

1.d4 Nf6 2.c4 e6 3.Nf3 Bb4+ 4.Nbd2 O-O 5.g3 b6 6.Bg2 Bb7 7.O-O Bxd2 8.Qxd2 d6
9.Qg5 Nbd7 10.Qh4 Qc8 11.Rd1 Be4 12.g4 d5 13.g5 Ne8 14.cxd5 exd5 15.Bf4 Qa6
16.Rd2 Nd6 17.Bxd6 cxd6 18.Qg3 Rad8 19.Nh4 Rfe8 20.Kf1 Nf8 21.Bxe4 Rxe4 22.Nf5 Qc8
23.Qf3 Ng6 24.e3 Qe6 25.Rc1 Nh4 26.Nxh4 Rxh4 27.Rc7 Rf8 28.Rdc2 Rg4 29.Rxa7 Rxg5
30.Rcc7 h5 31.h4 Rg4 32.Re7 Qg6 33.Qxd5 Qb1+ 34.Ke2 Qc2+ 35.Kf3 Qd1+  0-1

[Event "FSIMB July"]
[Site "Budapest HUN"]
[Date "2000.07.02"]
[Round "2"]
[White "Hjelm,N"]
[Black "Eperjesi,L"]
[Result "1/2-1/2"]
[WhiteElo "2347"]
[BlackElo "2365"]

1.d4 Nf6 2.Nf3 e6 3.c4 Bb4+ 4.Nbd2 d5 5.e3 O-O 6.Bd3 dxc4 7.Bxc4 a6 8.O-O b5
9.Bd3 c5 10.Ne4 cxd4 11.Nxf6+ Qxf6 12.Be4 Ra7 13.exd4 h6 14.Be3 Bd6  1/2-1/2

[Event "AKN Open"]
[Site "Haarlem NED"]
[Date "2000.07.02"]
[Round "5"]
[White "Solozhenkin,E"]
[Black "Szuveges,G"]
[Result "1-0"]
[WhiteElo "2528"]
[BlackElo "2203"]

1.d4 Nf6 2.c4 e6 3.Nf3 Bb4+ 4.Nbd2 b6 5.a3 Bxd2+ 6.Bxd2 Bb7 7.Bg5 h6 8.Bh4 d6
9.e3 Nbd7 10.Qc2 g5 11.Bg3 Ne4 12.Bd3 f5 13.d5 exd5 14.cxd5 Bxd5 15.Nd4 O-O
16.f3 Nec5 17.Bxf5 Qe7 18.O-O Ne5 19.b4 Nb7 20.Bxe5 Qxe5 21.Be6+ Bxe6 22.Qg6+ Qg7
23.Qxg7+ Kxg7 24.Nxe6+ Kf6 25.Nxf8 Rxf8 26.Rac1 c5 27.Rfd1 Ke5 28.e4  1-0

[Event "ch-NOR"]
[Site "Asker NOR"]
[Date "2000.07.09"]
[Round "2"]
[White "Bae,T"]
[Black "Heim,S"]
[Result "1-0"]
[WhiteElo "2218"]
[BlackElo "2366"]

1.d4 e6 2.c4 Nf6 3.Nf3 Bb4+ 4.Nbd2 b6 5.g3 O-O 6.Bg2 Bb7 7.O-O c5 8.a3 Bxd2
9.Bxd2 d6 10.dxc5 dxc5 11.Bf4 Qc8 12.Qc2 Be4 13.Qc3 Nbd7 14.Rfd1 Qb7 15.Bh3 Rfd8
16.Ng5 Bc6 17.Rd6 Nf8 18.b4 cxb4 19.axb4 Rxd6 20.Bxd6 a6 21.Be5 Ne8 22.Bd4 Rc8
23.Nf3 Nd7 24.Ne5 Nxe5 25.Bxe5 Bd5 26.c5 a5 27.bxa5 Rxc5 28.a6 Qa7 29.Qd3 f6
30.e4 fxe5 31.exd5 exd5 32.Be6+ Kh8 33.Bxd5 Nf6 34.Bb7 h6 35.Qd8+ Kh7 36.Qa8 Qxa8
37.Bxa8 Ra5 38.Rxa5 bxa5 39.Bc6  1-0

[Event "GM"]
[Site "Dortmund GER"]
[Date "2000.07.09"]
[Round "3"]
[White "Petrosian,Ars"]
[Black "Schmittdiel,E"]
[Result "1/2-1/2"]
[WhiteElo "2476"]
[BlackElo "2490"]

1.d4 e6 2.c4 Nf6 3.Nf3 Bb4+ 4.Nbd2 b6 5.e3 Bb7 6.Bd3 c5 7.a3 Bxd2+ 8.Bxd2 O-O
9.O-O Ne4 10.b4 d6 11.Bc1 Nd7 12.Nd2 Nxd2 13.Qxd2 Qe7 14.f3 f5 15.Bb2 e5  1/2-1/2

[Event "It"]
[Site "Bergen NOR"]
[Date "2000.07.22"]
[Round "2"]
[White "Nielsen,PH"]
[Black "Fyllingen,R"]
[Result "1-0"]
[WhiteElo "2578"]
[BlackElo "2408"]

1.d4 Nf6 2.c4 e6 3.Nf3 Bb4+ 4.Nbd2 b6 5.a3 Bxd2+ 6.Qxd2 Bb7 7.e3 O-O 8.Bd3 Ne4
9.Qc2 f5 10.O-O c5 11.b4 d6 12.bxc5 dxc5 13.Bb2 Nd7 14.Rad1 Qe8 15.Nd2 Qg6
16.f3 Ng5 17.Kh1 h5 18.Nb1 h4 19.d5 exd5 20.cxd5 Rae8 21.Bb5 Rf7 22.d6 h3
23.Nc3 Rxe3 24.Nd5 Bxd5 25.Rxd5 Ne6 26.g3 Nef8 27.Bc4 Kh8 28.Rdd1 Ne6 29.Bc1 Re5
30.Bf4 Nxf4 31.gxf4 Re3 32.Bxf7 Qxf7 33.Qf2 Re6 34.Qh4+ Rh6 35.Qe7 Qa2 36.Rg1 g6
37.Qxd7 Qf2 38.Qc8+ Kg7 39.Qb7+  1-0

[Event "15th Open"]
[Site "Avoine FRA"]
[Date "2000.07.26"]
[Round "5"]
[White "Van Dongen,P"]
[Black "Riff,V"]
[Result "0-1"]
[WhiteElo "2278"]
[BlackElo "2110"]

1.d4 Nf6 2.Nf3 e6 3.c4 Bb4+ 4.Nbd2 d5 5.a3 Be7 6.g3 O-O 7.Bg2 c5 8.dxc5 Bxc5
9.O-O a5 10.cxd5 exd5 11.Nb3 Be7 12.Be3 Nc6 13.Bc5 Bxc5 14.Nxc5 Qe7 15.Rc1 Bg4
16.Re1 Rfd8 17.Qb3 Rab8 18.h3 Bxf3 19.Qxf3 b6 20.Nb3 Ne5 21.Qe3 Qe8 22.Nd4 Rbc8
23.Rxc8 Rxc8 24.Rc1 Nc4 25.Qxe8+ Rxe8 26.b3 Ne5 27.Rc7 Ned7 28.Bxd5 Nxd5
29.Rxd7 Nc3 30.e3 a4 31.bxa4 Ra8 32.Rb7 Nxa4 33.Kg2 g6 34.Nc6 Nc5 35.Ra7 Rxa7
36.Nxa7 Kf8 37.Nc8 Na4 38.Kf3 Ke8 39.Nd6+ Ke7 40.Nb5 Kd7 41.Ke4 Kc6 42.Nd4+ Kd6
43.f4 Nc5+ 44.Kf3 Kd5 45.g4 Ne4 46.h4 Nd2+ 47.Ke2 Nc4 48.Kd3 Nxa3  0-1

[Event "Open"]
[Site "Bergen NOR"]
[Date "2000.07.28"]
[Round "8"]
[White "Tallaksen,G"]
[Black "Fyllingen,R"]
[Result "0-1"]
[WhiteElo "2221"]
[BlackElo "2408"]

1.d4 Nf6 2.c4 e6 3.Nf3 Bb4+ 4.Nbd2 b6 5.a3 Bxd2+ 6.Bxd2 Bb7 7.Bg5 d6 8.e3 Nbd7
9.Qc2 h6 10.Bh4 Qe7 11.Bd3 g5 12.Bg3 h5 13.h3 h4 14.Bh2 g4 15.hxg4 h3 16.Bg3 O-O-O
17.e4 hxg2 18.Rg1 Nxg4 19.O-O-O f5 20.Qe2 Qf6 21.Rxg2 Rdg8 22.Rdg1 Re8 23.Nd2 Qxd4
24.f3 Nge5 25.Bc2 fxe4 26.fxe4 Nc5 27.Bxe5 Qxe5 28.Rg5 Rh2 29.Qe3 Qh8 30.Rg7 Qh6
31.Qxh6 Rxh6 32.Rf7 e5 33.b4 Ne6 34.Bd1 Kb8 35.Ba4 c6 36.Bb3 Bc8 37.Nf3 c5
38.Ba4 Rf8 39.Rxf8 Nxf8 40.Kb2 Ne6 41.Rg8 Kc7 42.Re8 Rh7 43.Ka2 Rf7 44.Nh4 Nd4
45.Ng6 Bb7 46.Ne7 Bxe4 47.Nd5+ Bxd5 48.cxd5 b5 49.Bd1 Rf2+ 50.Kb1 Rf1 51.Kc1 c4
52.Kd2 c3+  0-1

[Event "MTO Open"]
[Site "Biel SUI"]
[Date "2000.07.31"]
[Round "7"]
[White "Huss,A"]
[Black "Perruchoud,B"]
[Result "1-0"]
[WhiteElo "2346"]
[BlackElo "2233"]

1.d4 e6 2.c4 Nf6 3.Nf3 Bb4+ 4.Nbd2 b6 5.a3 Bxd2+ 6.Qxd2 Bb7 7.e3 O-O 8.Bd3 d6
9.b4 Nbd7 10.Qc2 a5 11.Rb1 axb4 12.axb4 e5 13.d5 e4 14.Bxe4 Nxe4 15.Qxe4 Nf6
16.Qh4 b5 17.Bb2 bxc4 18.Bxf6 Qxf6 19.Qxc4 Ra4 20.Qb3 Rfa8 21.O-O c6 22.Nd4 Ra3
23.Qc2 cxd5 24.Qc7 Bc8 25.b5 R3a7 26.Qc2 Ra2 27.Rb2 Rxb2 28.Qxb2 Qg5 29.Ra1 Bb7
30.Rxa8+ Bxa8 31.Qa1 Qd8 32.Qa7 g6 33.b6 Qc8 34.Qc7 Qa6 35.h4 h5 36.Kh2 Bb7
37.Qxd6 Qa8 38.Qc7 Qa6 39.Kg3 Qa8 40.f3 Qa6 41.Kf4 Qa8 42.Qd6 Qc8 43.Qe7 Qb8+
44.Kg5 Qg3+ 45.Kh6 Qb8 46.Ne6  1-0

[Event "TCh-ESP"]
[Site "Barcelona ESP"]
[Date "2000.08.06"]
[Round "2"]
[White "Campos Moreno,J"]
[Black "Gamundi Salamanca,A"]
[Result "1-0"]
[WhiteElo "2491"]
[BlackElo "2464"]

1.d4 Nf6 2.c4 e6 3.Nf3 Bb4+ 4.Nbd2 O-O 5.a3 Bxd2+ 6.Qxd2 d6 7.b4 Nbd7 8.Bb2 Qe7
9.e3 b6 10.Be2 Bb7 11.O-O c5 12.Rfd1 Ne4 13.Qc2 Rfc8 14.Nd2 Nxd2 15.Qxd2 Nf6
16.f3 a5 17.dxc5 dxc5 18.Qd6 Qxd6 19.Rxd6 Rc6 20.Rad1 Ne8 21.Rd7 Bc8 22.Rd8 Kf8
23.b5 Rc7 24.Be5 Re7 25.Bd6 e5 26.f4 e4 27.Rd5 f6 28.Bg4 Bxg4 29.Rxa8 Be6
30.Rxc5 bxc5 31.b6  1-0

[Event "TCh-ESP"]
[Site "Barcelona ESP"]
[Date "2000.08.07"]
[Round "3"]
[White "Franco Ocampos,Z"]
[Black "Fluvia,J"]
[Result "1/2-1/2"]
[WhiteElo "2512"]
[BlackElo "2261"]

1.c4 e6 2.Nf3 Nf6 3.d4 Bb4+ 4.Nbd2 d5 5.e3 O-O 6.a3 Be7 7.Bd3 b6 8.O-O Nbd7
9.b3 Bb7 10.Bb2 c5 11.cxd5 Nxd5 12.Qc2 h6 13.Rad1 Rc8 14.Qb1 Rc7 15.Ne4 Qa8
16.dxc5 Nxc5 17.Nxc5 Rxc5 18.Rc1 Rfc8 19.Rxc5 Rxc5 20.Rc1 Rxc1+ 21.Qxc1 Bf6
22.Ne5 Qb8 23.f4 Qd6 24.Be2 Ne7 25.Kf2 Bh4+ 26.g3 Bf6 27.Qd1 Qxd1 28.Bxd1 Nc6
29.Nc4 Bxb2 30.Nxb2 Kf8 31.Nc4 Ke7 32.Bf3 Nd8 33.Bxb7 Nxb7 34.Ne5 Nd8 35.e4 f6
36.Nf3 Nc6 37.Ke3 Kd6 38.Kd3 a6 39.Nd4 Nxd4 40.Kxd4 e5+ 41.fxe5+ fxe5+ 42.Kc4 h5
43.b4  1/2-1/2

[Event "FSGM August"]
[Site "Budapest HUN"]
[Date "2000.08.11"]
[Round "7"]
[White "Szeberenyi,A"]
[Black "Hoang Thanh Trang"]
[Result "0-1"]
[WhiteElo "2357"]
[BlackElo "2489"]

1.d4 Nf6 2.c4 e6 3.Nf3 Bb4+ 4.Nbd2 d5 5.Qa4+ Nc6 6.a3 Bxd2+ 7.Bxd2 Ne4 8.Rd1 O-O
9.g3 Bd7 10.Qc2 Be8 11.Bg2 f6 12.O-O Bg6 13.Qc1 Qd7 14.Bf4 Rac8 15.b4 a5
16.b5 Ne7 17.Nd2 Nd6 18.a4 Bh5 19.c5 Ndf5 20.Nf3 g5 21.Be3 b6 22.h3 Bf7 23.Bd2 Ng6
24.Bc3 h5 25.Nd2 h4 26.e4 Ng7 27.Bb2 c6 28.bxc6 Qxc6 29.Qc2 hxg3 30.fxg3 Nh5
31.Kh2 Kg7 32.Bf3 Rh8 33.Qd3 Nxg3 34.Kxg3 Rxh3+ 35.Kf2 g4 36.Rh1 Rch8 37.Rxh3 Rxh3
38.Rh1 Rxf3+ 39.Nxf3 dxe4 40.Qe3 exf3 41.d5 Qxd5 42.cxb6 e5 43.Qh6+ Kg8 44.Rc1 Ne7
45.Rh1 g3+ 46.Ke1 f2+ 47.Ke2 Qe4+ 48.Kd2 Bg6  0-1

[Event "Open"]
[Site "Polanica Zdroj POL"]
[Date "2000.08.20"]
[Round "4"]
[White "Malakhatko,V"]
[Black "Szymanski,M"]
[Result "1-0"]
[WhiteElo "2564"]
[BlackElo "2325"]

1.d4 Nf6 2.c4 e6 3.Nf3 Bb4+ 4.Nbd2 d5 5.Qa4+ Nc6 6.a3 Bxd2+ 7.Bxd2 Ne4 8.e3 O-O
9.Qc2 Bd7 10.Bd3 f5 11.O-O Be8 12.Bc3 Bg6 13.Nd2 Kh8 14.f3 Nxc3 15.bxc3 Na5
16.f4 c5 17.cxd5 exd5 18.Nf3 c4 19.Be2 Qd6 20.Ne5 Nc6 21.Bf3 Nxe5 22.dxe5 Qc5
23.Qd2 Bf7 24.Rfb1 b5 25.a4 a6 26.Qd4 Qc6 27.Rd1 Qc7 28.Ra2 Rfd8 29.Rda1 bxa4
30.Rxa4 a5 31.h3 h6 32.R4a2 Be6 33.Kh2 Bg8 34.g4 fxg4 35.hxg4 Bh7 36.Bxd5 Bg8
37.Bxa8 Rxd4 38.exd4 Qb8 39.Bf3 Qb3 40.Ra3 Qc2+ 41.Kg3 Qd3 42.Rd1 Qe3 43.Rxa5  1-0

[Event "ch-ESP"]
[Site "Barcelona ESP"]
[Date "2000.08.25"]
[Round "7"]
[White "Estremera Panos,S"]
[Black "Del Rio Angelis,S"]
[Result "1/2-1/2"]
[WhiteElo "2364"]
[BlackElo "2467"]

1.d4 Nf6 2.c4 e6 3.Nf3 Bb4+ 4.Nbd2 d5 5.Qa4+ Nc6 6.a3 Bxd2+ 7.Bxd2 Ne4 8.e3 O-O
9.Qc2 Nxd2 10.Qxd2 a5 11.Rc1 a4 12.Qc2 dxc4 13.Bxc4 Ra5 14.Bd3 h6 15.Bh7+ Kh8
16.Be4 Bd7 17.O-O Qe7 18.Qd2 Rfa8 19.Rc3 Qd6 20.Qc2 f6 21.Rc1 Nd8 22.Nd2 Rh5
23.h3 c6 24.Bf3 Rb5 25.Be2 Rd5 26.Nc4 Qc7 27.h4 Nf7 28.Qg6 Be8 29.Qe4 Nd6
30.Nxd6 Qxd6 31.Bc4 f5 32.Qf3  1/2-1/2